| 000 | 01486nam0a22003371 4500 | ||
|---|---|---|---|
| 001 | RU\INFOCOMM_322\NLR\5000233067 | ||
| 005 | 20250614080130.0 | ||
| 035 | _a(NLR Aleph) 010594407 | ||
| 090 |
_a10514533 _c10514533 |
||
| 100 | _a20130314d1967 |||y0rusy50 ca | ||
| 101 | 1 |
_aeng _crus |
|
| 102 | _aRU | ||
| 105 | _ay z|||| | ||
| 200 | 1 |
_aRepresentation for the partial amplitudes and the solution of the neutral model of ππ scattering _fBy I. I. Orlov, Ju. V. Parfenov _gTransl. from the Russ. by N. Chernova _gUSSR Acad. of sciences. Siberian division. Inst. for mathematics |
|
| 210 |
_aNovosibirsk _d1967 |
||
| 215 |
_a8 с. _d22 см |
||
| 300 | _aВ вып. дан.: И. И. Орлов, Ю. В. Парфенов. Представление для парциальных амплитуд и решение нейтральной модели ππ-рассеяния | ||
| 300 | _aНа обл. надзаголовок также на рус. яз.: Акад. наук СССР. Сибирское отд-ние. Ин-т математики | ||
| 300 | _a"Preprint ТФ-28" | ||
| 309 | _aОтпеч. множит. аппаратом | ||
| 320 | _aБиблиогр.: с. 8 | ||
| 620 | _aНовосибирск | ||
| 686 |
_aФз-125 _2rubbk |
||
| 686 |
_a[В319.0] _2rubbk |
||
| 700 | 1 |
_aOrlov _bI. I. |
|
| 701 | 1 |
_aParfenov _bJu. V. |
|
| 801 | 1 |
_aRU _bInfocomm _c20130314 |
|
| 801 | 0 |
_aRU _bINFOCOMM _gPSBO |
|
| 852 |
_aNLR _jФз01 Д-6/6 |
||
| 942 | _cBOOK | ||
| 980 | _aNB | ||